Remapping reality (Record no. 101656)
[ view plain ]
| 000 -LEADER | |
|---|---|
| fixed length control field | 01703nam a2200361Ia 4500 |
| 100 1# - MAIN ENTRY--AUTHOR NAME | |
| Personal name | McCarthy, John A. |
| 245 10 - TITLE STATEMENT | |
| Title | Remapping reality |
| 260 ## - PUBLICATION, DISTRIBUTION, ETC. (IMPRINT) | |
| Place of publication | Amsterdam ; |
| -- | New York : |
| Name of publisher | Rodopi, |
| Year of publication | 2006. |
| 300 ## - PHYSICAL DESCRIPTION | |
| Number of Pages | 373 p. : |
| Other physical details | ill. |
| 490 1# - SERIES STATEMENT | |
| Series statement | Internationale Forschungen zur allgemeinen und vergleichenden Literaturwissenschaft, |
| 650 #0 - SUBJECT ADDED ENTRY--TOPICAL TERM | |
| Topical Term | Literature and science. |
| Topical Term | Chaotic behavior in systems in literature. |
| Topical Term | Creation (Literary, artistic, etc.) |
| 856 40 - ELECTRONIC LOCATION AND ACCESS | |
| Uniform Resource Identifier | http://site.ebrary.com/lib/rucke/Doc?id=10380104 |
No items available.
